000 00605nam a2200217Ia 4500
003 OSt
005 20221007082846.0
006 a|||||r|||| 00| 0
007 ta
008 221006b |||||||| |||| 00| 0 eng d
024 _a33,394
037 _cDissertations
040 _aFLL
_cFLL
_beng
041 _2eng
_aeng
100 _aSurender Mohit Singh
_9699664
245 0 _aSurvival to economic emancipation a critical analysis of hindu succession (amendment) act, 2005
260 _c2009
300 _axi,102p
_ccm.
942 _cDIS
_2CC
999 _c1167983
_d1167983